Wacky TV Neighbors Quiz Stats

Quiz Updated Jun 20, 2012

Also try: Howdy, Neighbor!
Challenge
Share
Tweet
Embed
Score 0/30 Timer 07:00
1 Play Today
Neighbor Television Show % Correct
Cosmo KramerSeinfeld
89.7%
Barney RubbleThe Flintstones
88.4%
Ned FlandersThe Simpsons
85.8%
Squidward TentaclesSpongeBob SquarePants
85.8%
Ethel MertzI Love Lucy
75.8%
Ugly Naked GuyFriends
75.5%
Steve UrkelFamily Matters
75%
Glenn QuagmireFamily Guy
71.4%
Kimmy GibblerFull House
69.2%
Wilson W. WilsonHome Improvement
68.4%
Marie BaroneEverybody Loves Raymond
67.7%
Eddie HaskellLeave It to Beaver
62.1%
Lenny & SquiggyLaverne & Shirley
59.8%
Ed NortonThe Honeymooners
50.3%
George FeenyBoy Meets World
49.9%
Neighbor Television Show % Correct
Marcy D'ArcyMarried...with Children
47.9%
Rhoda MorgensternThe Mary Tyler Moore Show
47.7%
Gladys KravitzBewitched
39.4%
Richard 'Boner' StaboneGrowing Pains
34%
Lou FerrignoThe King of Queens
31.9%
Larry DallasThree's Company
28.3%
Harry BentleyThe Jeffersons
26.9%
Lucille 'Lucille 2' AusteroArrested Development
25.6%
Kahn Souphanousinphone, Sr.King of the Hill
21.2%
Vinnie DelpinoDoogie Howser, M.D.
18.9%
Willona WoodsGood Times
17%
Ed BigheadRocko's Modern Life
11.1%
Babette DellGilmore Girls
10.1%
Dr. Drew Baird30 Rock
5.9%
Sam AndersClarissa Explains It All
2.3%

You're not logged in!

Compare scores with friends on all Sporcle quizzes.
Sign Up with Email
OR
Log In

You Might Also Like...

Show Comments

Extras

Top Quizzes Today


Score Distribution

Your Account Isn't Verified!

In order to create a playlist on Sporcle, you need to verify the email address you used during registration. Go to your Sporcle Settings to finish the process.